Belém/Val-de-Cans International Airport Destinations (Belém, Brazil) - Statistics

General Stats
  • This quiz has been taken 27 times
    14 since last reset
  • The average score is 15 of 28
Answer Stats
Airline Destination % Correct
Azul Brazilian Airlines/Gol Linhas Aéreas/LATAM Brasil Brasília
100%
Gol Linhas Aéreas Rio de Janeiro (Galeão)
100%
Azul Brazilian Airlines/Gol Linhas Aéreas/LATAM Brasil São Paulo (Guarulhos)
100%
Azul Brazilian Airlines/LATAM Brasil Manaus
90%
Azul Brazilian Airlines Recife
90%
Azul Brazilian Airlines Belo Horizonte (Confins)
80%
Azul Brazilian Airlines/LATAM Brasil Fortaleza
80%
TAP Air Portugal Lisbon
80%
Gol Linhas Aéreas Miami
70%
Azul Brazilian Airlines Natal
70%
Air France/Suriname Airways Cayenne
60%
Gol Linhas Aéreas/Surinam Airways Paramaribo
60%
Azul Brazilian Airlines São Luís
60%
Azul Brazilian Airlines Altamira
50%
Azul Brazilian Airlines/Gol Linhas Aéreas/LATAM Brasil Macapá
50%
Azul Brazilian Airlines Marabá
50%
Azul Brazilian Airlines/Gol Linhas Aéreas Santarem
50%
Azul Brazilian Airlines Campinas
40%
Azul Conecta Paragominas
40%
Azul Brazilian Airlines Fort Lauderdale
30%
Azul Conecta Salinópolis
30%
Azul Conecta Tucuruí
30%
Azul Brazilian Airlines Carajás
20%
Azul Conecta Almeirim
10%
Azul Conecta Breves
10%
Azul Conecta Monte Dourado
10%
Azul Conecta Ourilândia do Norte
10%
Azul Conecta Porto de Moz
10%
No matching quizzes found
Score Distribution
Percent of People with Each Score
Percentile by Number Answered
Your Score History
You have not taken this quiz since the last reset